000 00299nam a22001337a 4500
008 171016b xxu||||| |||| 00| 0 eng d
020 _a9780631229612
041 _aeng
080 _a33
100 _a52
101 _aEKO
245 _aCOMPARATIVE ECONOMIC SYSTEMS
_cROSEFIELDE,S
942 _2udc
_cBK
999 _c34076
_d34076